00602nam a2200193Ia 4500001000700000003000500007008004100012010001100053040000900064082001900073100003200092245010400124260004700228300002100275440000500296500001600301503000500317650008600322Z_2752CHAP220113s1992 xx 000 0 und d a165811 cCHAP a633.200973 S881 aStubbendieck, Jameseeditor aNorth American range plants /cby James Stubbendieck, Stephan L. Hatch and Charles H. Butterfield aLinconln :bUniversity of Nebraska,c1992 a493 p. : bilus. a aFotocopía a aPlantas forrajerasxE.U.A. I. Hatch, Stephan L II. Butterfield, Charles H III. t.